| 000 | 01293cam a2200229 4500 | ||
|---|---|---|---|
| 001 | ABS66838 | ||
| 008 | 030618n2003 000 0 eng u | ||
| 035 | _a(Sirsi) u122659 | ||
| 100 | _aWilbourn, P. | ||
| 245 | _aBrownfield clients gain protection | ||
| 260 | _c2003 | ||
| 490 |
_aEstates Gazette _v(0324) 14 June 2003, 153(1) |
||
| 520 | _aChampions the role of chartered environmental surveyors in providing specialist advice to clients working on brownfield projects. Explains why many surveyors turned away from environmental risk and contaminated land in the 1990s and highlights the often unsatisfactory relationships between environmental consultants, valuation surveyors and clients. Argues that the creation of the chartered environmental surveyor has significantly improved the situation for clients as they now have protection from experts in environmental law and science, property consultancy and valuation matters who comply with RICS professional ethics and conduct. | ||
| 590 | _aABS | ||
| 650 | _aBROWNFIELD DEVELOPMENT | ||
| 650 | _aENVIRONMENTAL RISK | ||
| 650 | _aCHARTERED ENVIRONMENTAL SURVEYORS | ||
| 650 | _aENVIRONMENTAL CONSULTANTS | ||
| 650 | _aABOUT RICS-RICS MEMBERS | ||
| 690 | _aMANAGEMENT-BUSINESS MANAGEMENT-PROFESSIONAL PRACTICE | ||
| 942 | _n0 | ||
| 999 |
_c72885 _d72885 |
||